Khuda aur mohabbat : har mohabbat karny waly ke naam (Record no. 71452)

000 -LEADER
fixed length control field 00500nam a22001817a 4500
003 - CONTROL NUMBER IDENTIFIER
control field NUST - PNEC
005 - DATE AND TIME OF LATEST TRANSACTION
control field 20170116181201.0
008 - FIXED-LENGTH DATA ELEMENTS--GENERAL INFORMATION
fixed length control field 160213b xxu||||| |||| 00| 0 eng d
020 ## - INTERNATIONAL STANDARD BOOK NUMBER
International Standard Book Number -
040 ## - CATALOGING SOURCE
Transcribing agency LIBRARY
082 ## - DEWEY DECIMAL CLASSIFICATION NUMBER
Classification number 891.439 HAS
100 ## - MAIN ENTRY--PERSONAL NAME
9 (RLIN) 16393
Personal name Hashim Nadeem
245 ## - TITLE STATEMENT
Title Khuda aur mohabbat : har mohabbat karny waly ke naam
Statement of responsibility, etc. Hashim Nadeem
260 ## - PUBLICATION, DISTRIBUTION, ETC.
Place of publication, distribution, etc. Lahore:
Name of publisher, distributor, etc. Dowa Publications;
Date of publication, distribution, etc. 2011
300 ## - PHYSICAL DESCRIPTION
Extent 280 pages
650 ## - SUBJECT ADDED ENTRY--TOPICAL TERM
9 (RLIN) 16394
Topical term or geographic name entry element Urdu Literature
General subdivision General
942 ## - ADDED ENTRY ELEMENTS (KOHA)
Source of classification or shelving scheme
Koha item type Book
Holdings
Withdrawn status Lost status Source of classification or shelving scheme Materials specified (bound volume or other part) Damaged status Not for loan Permanent Location Current Location Shelving location Date acquired Source of acquisition Cost, normal purchase price Total Checkouts Full call number Barcode Date last seen Date last checked out Cost, replacement price Price effective from Koha item type
      hardbound     Pakistan Navy Engineering College (PNEC) Pakistan Navy Engineering College (PNEC)   12/14/2015 Tawakkal Academy/Library Grant 700.00 3 891.439 HAS PNECLIB-032565 11/07/2016 10/19/2016 700.00 12/14/2015 Book
© 2023 Central Library, National University of Sciences and Technology. All Rights Reserved.